Экологическое право (Запись № 10448906)
[ простой вид ]
| 000 -МАРКЕР | |
|---|---|
| контрольное поле | 02647nam0a2200409 i 4500 |
| 001 - ИДЕНТИФИКАТОР ЗАПИСИ | |
| контрольное поле | RU\NLR\BIBL_A\010866893 |
| 005 - ИДЕНТИФИКАТОР ВЕРСИИ | |
| контрольное поле | 20260409063022.0 |
| 010 ## - МЕЖДУНАРОДНЫЙ СТАНДАРТНЫЙ НОМЕР КНИГИ (ISBN) | |
| Номер (ISBN) | 9785392184620 |
| Тираж | 1000 |
| 021 ## - НОМЕР ГОСУДАРСТВЕННОЙ РЕГИСТРАЦИИ | |
| Код страны | российская федерация |
| Номер | 2015-72820 |
| Номер Листа государственной регистраци | 4375 |
| 035 ## - ДРУГИЕ СИСТЕМНЫЕ НОМЕРА | |
| Идентификатор записи | (NILC)RuMoRGB-008025315 |
| 035 ## - ДРУГИЕ СИСТЕМНЫЕ НОМЕРА | |
| Идентификатор записи | (NLR Aleph) 010866893 |
| 100 ## - ДАННЫЕ ОБЩЕЙ ОБРАБОТКИ | |
| Данные общей обработки | 20151023d2016 um y0rusy50 ca |
| 101 0# - ЯЗЫК РЕСУРСА | |
| Язык текста, звукозаписи и т.д. | русский |
| 102 ## - СТРАНА ПУБЛИКАЦИИ ИЛИ ПРОИЗВОДСТВА | |
| Страна публикации | российская федерация |
| 105 ## - ПОЛЕ КОДИРОВАННЫХ ДАННЫХ: ТЕКСТОВЫЕ МАТЕРИАЛЫ, МОНОГРАФИЧЕСКИЕ | |
| Кодированные данные о монографическом текстовом документе | y|||j|||000yy |
| 200 1# - ЗАГЛАВИЕ И СВЕДЕНИЯ ОБ ОТВЕТСТВЕННОСТИ | |
| Основное заглавие | Экологическое право |
| Сведения, относящиеся к заглавию | учебник для бакалавров |
| -- | для студентов образовательных организаций, обучающихся по направлению подготовки "Юриспруденция", квалификация (степень) "бакалавр" |
| Первые сведения об ответственности | [В.Б. Агафонов, к.ю.н., доц., Г.В. Выпханова, д.ю.н., проф., Н.Г. Жаворонкова, д.ю.н., проф. и др.] |
| Последующие сведения об ответственности | отв. ред.: д-ра юрид. наук, профессора Н. Г. Жаворонкова, И. О. Краснова |
| -- | М-во образования и науки Российской Федерации, Московский гос. юридический ун-т им. О. Е. Кутафина (МГЮА) |
| 210 ## - ПУБЛИКАЦИЯ, РАСПРОСТРАНЕНИЕ И ДР. | |
| Место издания, распространения и т.д. | Москва |
| Имя издателя, распространителя и т. д. | Проспект |
| Дата издания, распространения и т.д. | 2016 |
| -- | [т.е. 2015] |
| 215 ## - ФИЗИЧЕСКАЯ ХАРАКТЕРИСТИКА | |
| Специфическое обозначение материала и объем | 375 с. |
| Размеры | 22 |
| 225 1# - СЕРИЯ | |
| Основное заглавие серии | Серия учебников МГЮА для бакалавров |
| 300 ## - ОБЩИЕ ПРИМЕЧАНИЯ | |
| Текст примечания | Авт. указаны на обороте тит. л. |
| 300 ## - ОБЩИЕ ПРИМЕЧАНИЯ | |
| Текст примечания | Фактическая дата выхода в свет - 2015 |
| 320 ## - ПРИМЕЧАНИЯ О НАЛИЧИИ В ДОКУМЕНТЕ БИБЛИОГРАФИИ / УКАЗАТЕЛЯ | |
| Текст примечания | Библиогр. в конце гл. и в подстроч. примеч. |
| 606 1# - НАИМЕНОВАНИЕ ТЕМЫ КАК ПРЕДМЕТ | |
| Наименование темы | Экологическое право |
| Формальный подзаголовок | Учебники для высших учебных заведений |
| Географический подзаголовок | Российская Федерация |
| Системный номер авторитетной/нормативной записи | 2073085 |
| Идентификатор авторитетной/нормативной записи | RU\NLR\AUTH\661247957 |
| 675 ## - УНИВЕРСАЛЬНАЯ ДЕСЯТИЧНАЯ КЛАССИФИКАЦИЯ (UDC/УДК) | |
| Индекс | 349.6 |
| 686 1# - ИНДЕКСЫ ДРУГИХ КЛАССИФИКАЦИЙ | |
| Индекс | Х625.9я73 |
| 701 #1 - ИМЯ ЛИЦА - АЛЬТЕРНАТИВНАЯ ОТВЕТСТВЕННОСТЬ | |
| Начальный элемент ввода | Агафонов |
| Часть имени, кроме начального элемента ввода | В. Б. |
| Расширение инициалов личного имени | Вячеслав Борисович |
| 701 #1 - ИМЯ ЛИЦА - АЛЬТЕРНАТИВНАЯ ОТВЕТСТВЕННОСТЬ | |
| Графика поля | Кириллица |
| Материалы, к которым относится поле | rus |
| Начальный элемент ввода | Выпханова |
| Часть имени, кроме начального элемента ввода | Г. В. |
| Даты | 1961- |
| Расширение инициалов личного имени | Галина Викторовна |
| Системный номер авторитетной/нормативной записи | 186501 |
| Идентификатор авторитетной/нормативной записи | RU\NLR\AUTH\770186552 |
| 701 #1 - ИМЯ ЛИЦА - АЛЬТЕРНАТИВНАЯ ОТВЕТСТВЕННОСТЬ | |
| Начальный элемент ввода | Жаворонкова |
| Часть имени, кроме начального элемента ввода | Н. Г. |
| Расширение инициалов личного имени | Наталья Григорьевна |
| 702 #1 - ИМЯ ЛИЦА - ВТОРИЧНАЯ ОТВЕТСТВЕННОСТЬ | |
| Начальный элемент ввода | Жаворонкова |
| Часть имени, кроме начального элемента ввода | Н. Г. |
| Расширение инициалов личного имени | Наталья Григорьевна |
| Код отношения | Редактор |
| 712 02 - НАИМЕНОВАНИЕ ОРГАНИЗАЦИИ - ВТОРИЧНАЯ ОТВЕТСТВЕННОСТЬ | |
| Код отношения | Прочие |
| Начальный элемент ввода | Московский государственный юридический университет им. О. Е. Кутафина |
| Идентификатор авторитетной/нормативной записи | RU\NLR\AUTH\8810235884 |
| Системный номер авторитетной/нормативной записи | 357016 |
| 801 #0 - ИСТОЧНИК ЗАПИСИ | |
| Страна | российская федерация |
| Организация | РГБ |
| Дата составления | 20150922 |
| Правила каталогизации | RCR |
| 801 #1 - ИСТОЧНИК ЗАПИСИ | |
| Страна | российская федерация |
| Организация | РГБ |
| Дата составления | 20150922 |
| Источник данных | rusmarc |
| 942 ## - ДОПОЛНИТЕЛЬНЫЕ ЭЛЕМЕНТЫ ЗАПИСИ (АБИС) | |
| Тип экземпляра АБИС | Книга |
| 980 ## - КОЛЛЕКЦИЯ | |
| Название коллекции | НБР |
Нет доступных экземпляров.